[Event "C.to Provinciale BG"]
[Site "Bergamo ITA"]
[Date "2005.10.14"]
[Round "2"]
[White "Basletta, Giovanni"]
[Black "Maggioni, Oliviero"]
[Result "0-1"]
[WhiteElo "1407"]
[BlackElo "1580"]
[PlyCount "78"]
[EventDate "2005.10.07"]

1. Nf3 c5 2. d4 Nc6 3. e3 Nf6 4. Bd3 cxd4 5. e4 d6 6. c3 dxc3 7. Nxc3 g6 8. O-O
Bg7 9. Re1 O-O 10. Bd2 Re8 11. Nd5 Bg4 12. h3 Bd7 13. Qb3 b6 14. Ng5 e6 15.
Nxf6+ Bxf6 16. Nf3 Rb8 17. Bb4 Be7 18. Bd2 Bf8 19. Qc3 Bg7 20. Qc1 b5 21. Bh6
a5 22. Bxg7 Kxg7 23. e5 dxe5 24. Nxe5 Nxe5 25. Rxe5 Qf6 26. Re3 Rec8 27. Qd2 b4
28. Bxg6 hxg6 29. Qxd7 Qxb2 30. Rae1 Kg8 31. Rf3 Qg7 32. h4 Rc3 33. Qd6 Rbc8
34. Rxc3 Qxc3 35. Re5 Qa1+ 36. Kh2 Qxa2 37. h5 Qxf2 38. hxg6 Qh4+ 39. Kg1 Rc1+
0-1

[Event "C.to Provinciale BG"]
[Site "Bergamo ITA"]
[Date "2005.10.14"]
[Round "2"]
[White "Biava, Pierluigi"]
[Black "Nasoni, Paolo"]
[Result "1/2-1/2"]
[WhiteElo "1649"]
[BlackElo "1865"]
[PlyCount "75"]
[EventDate "2005.10.07"]

1. d4 Nf6 2. Nf3 b6 3. Bg5 Ne4 4. Bf4 e6 5. Nbd2 Bb7 6. Nxe4 Bxe4 7. Nd2 Bb7 8.
e3 Be7 9. Nf3 d6 10. c3 Nd7 11. Bb5 a6 12. Be2 g5 13. Bg3 c5 14. dxc5 Nxc5 15.
Qd4 e5 16. Qd2 g4 17. Nxe5 dxe5 18. Qxd8+ Rxd8 19. Bxe5 Rg8 20. Bc7 Rd7 21.
Bxb6 Bxg2 22. Rg1 Bh3 23. Bxa6 Na4 24. Bd4 Rg5 25. f4 Ra5 26. Bd3 Nxb2 27. Bxh7
Nc4 28. Be4 Bh4+ 29. Ke2 Re7 30. Bc6+ Kf8 31. Rgb1 f5 32. a4 Nd6 33. Rb8+ Re8
34. Bxe8 Nxe8 35. Rb5 Rxb5 36. axb5 Bg2 37. b6 Bf3+ 38. Kd2 1/2-1/2

[Event "C.to Provinciale BG"]
[Site "Bergamo ITA"]
[Date "2005.10.14"]
[Round "2"]
[White "Bosio, Giovanni"]
[Black "Bratti, Lorenzo"]
[Result "1-0"]
[WhiteElo "1682"]
[BlackElo "1438"]
[PlyCount "57"]
[EventDate "2005.10.07"]

1. d4 d5 2. c4 dxc4 3. e3 Be6 4. Nd2 c5 5. dxc5 Qa5 6. Qc2 Bd5 7. e4 Bc6 8.
Qxc4 e6 9. b4 Qa4 10. Bb2 Nd7 11. Ngf3 Ngf6 12. Bd3 Bxc5 13. bxc5 Qxc4 14. Bxc4
O-O 15. e5 Ng4 16. h3 Nh6 17. O-O Nxc5 18. Nd4 Rad8 19. Nxc6 bxc6 20. Rad1 Na4
21. Ba1 Nb6 22. Bb3 a5 23. Nc4 Nxc4 24. Bxc4 Nf5 25. Bd3 Ne7 26. Bc3 a4 27. Bb4
Rfe8 28. Bxe7 Rxd3 29. Rxd3 1-0

[Event "C.to Provinciale BG"]
[Site "Bergamo ITA"]
[Date "2005.10.14"]
[Round "2"]
[White "Cambieri, Mario"]
[Black "Di Mauro, Valerio"]
[Result "1-0"]
[WhiteElo "1805"]
[BlackElo "1526"]
[PlyCount "77"]
[EventDate "2005.10.07"]

1. c4 e5 2. Nc3 Nf6 3. g3 d5 4. cxd5 Bc5 5. Nf3 Qd6 6. d4 Bxd4 7. Nxd4 exd4 8.
Qxd4 O-O 9. Bg2 Nc6 10. Qd1 Ne7 11. O-O c6 12. e4 cxd5 13. exd5 Rd8 14. Bf4 Qd7
15. Qb3 Ng6 16. Bg5 b6 17. Bxf6 gxf6 18. Ne4 Kg7 19. Qc3 Qf5 20. Qc6 Bd7 21.
Nd6 Qg5 22. Qc3 Bf5 23. Nxf5+ Qxf5 24. Rac1 Qd7 25. Qb3 Rac8 26. Rc6 Rxc6 27.
dxc6 Qc7 28. Qc3 Ne5 29. b4 Rc8 30. b5 a5 31. Rd1 Ng6 32. Rd7 Qe5 33. Qxe5 Nxe5
34. Rb7 Nc4 35. Bd5 Nd6 36. Rxb6 Ne8 37. a4 Nc7 38. Bf3 f5 39. Rb7 1-0

[Event "C.to Provinciale BG"]
[Site "Bergamo ITA"]
[Date "2005.10.14"]
[Round "2"]
[White "Cammarota, Vittorio"]
[Black "Oteri, Aldo"]
[Result "1-0"]
[WhiteElo "1994"]
[BlackElo "1711"]
[PlyCount "81"]
[EventDate "2005.10.07"]

1. d4 e6 2. Nf3 f5 3. Bf4 Nf6 4. h3 Be7 5. e3 O-O 6. Bd3 c5 7. c3 Nc6 8. Nbd2
cxd4 9. exd4 b6 10. Qe2 d6 11. O-O Qc7 12. Rfe1 Bd7 13. Ng5 e5 14. dxe5 dxe5
15. Bc4+ Kh8 16. Bxe5 Nxe5 17. Qxe5 Bd6 18. Qe2 Rae8 19. Qd3 Rxe1+ 20. Rxe1
Bh2+ 21. Kf1 Bf4 22. Nf7+ Rxf7 23. Bxf7 Bxd2 24. Qxd2 Bb5+ 25. c4 Bxc4+ 26.
Bxc4 Qxc4+ 27. Kg1 Qxa2 28. Re7 a5 29. Qg5 Qg8 30. Qxf5 Qd8 31. Qe5 Kg8 32.
Qe6+ Kh8 33. Qf7 Qg8 34. Qxg8+ Kxg8 35. Rb7 Nd5 36. Kf1 a4 37. g3 g6 38. Ke2 a3
39. bxa3 Nc3+ 40. Kd3 Nb5 41. a4 1-0

[Event "C.to Provinciale BG"]
[Site "Bergamo ITA"]
[Date "2005.10.14"]
[Round "2"]
[White "Capata, Ion"]
[Black "Cattaneo, Dario"]
[Result "1-0"]
[WhiteElo "2090"]
[BlackElo "1574"]
[PlyCount "45"]
[EventDate "2005.10.07"]

1. e4 e6 2. d4 d5 3. exd5 exd5 4. Bd3 Nf6 5. Nf3 Bd6 6. O-O O-O 7. Ne5 Re8 8.
Re1 c5 9. c3 Qc7 10. f4 Nc6 11. Na3 a6 12. Nc2 cxd4 13. cxd4 Bd7 14. Bd2 Ne7
15. Ne3 Qb6 16. Bc3 Bb5 17. Qb3 Ne4 18. Bxe4 dxe4 19. Nxf7 Kf8 20. Ng5 Nd5 21.
Qxd5 Qc7 22. Nf5 g6 23. Nxd6 1-0

[Event "C.to Provinciale BG"]
[Site "Bergamo ITA"]
[Date "2005.10.14"]
[Round "2"]
[White "Elsido, Massimo"]
[Black "Gucciardo, Salvatore"]
[Result "0-1"]
[WhiteElo "1757"]
[BlackElo "1440"]
[PlyCount "62"]
[EventDate "2005.10.07"]

1. e4 e6 2. d4 d5 3. exd5 exd5 4. Nf3 Nf6 5. Nc3 Nc6 6. Be2 Be7 7. O-O O-O 8.
Re1 Re8 9. Bg5 a6 10. h3 Bf5 11. Ne5 Nxe5 12. dxe5 Ne4 13. Bxe7 Rxe7 14. Qxd5
Nxc3 15. Qxd8+ Rxd8 16. bxc3 Rxe5 17. Bd3 Rxe1+ 18. Rxe1 Bxd3 19. cxd3 Kf8 20.
Re3 Re8 21. Kf1 Rxe3 22. fxe3 Ke7 23. Ke2 c5 24. d4 Kd6 25. Kd3 cxd4 26. cxd4
f5 27. Kc4 Kc6 28. a4 b5+ 29. axb5+ axb5+ 30. Kb4 Kd5 31. Kxb5 f4 0-1

[Event "C.to Provinciale BG"]
[Site "Bergamo ITA"]
[Date "2005.10.14"]
[Round "2"]
[White "Gerali, Paolo"]
[Black "Bassis, Ivano"]
[Result "1/2-1/2"]
[WhiteElo "1707"]
[BlackElo "1886"]
[PlyCount "44"]
[EventDate "2005.10.07"]

1. d4 Nf6 2. c4 c5 3. d5 b5 4. cxb5 a6 5. b6 d6 6. Nc3 Nbd7 7. e4 Rb8 8. Nf3 g6
9. Be2 Bg7 10. Nd2 Nxb6 11. O-O O-O 12. a4 a5 13. Qc2 Ne8 14. Rb1 Nc7 15. Nc4
Nxc4 16. Bxc4 Ba6 17. Bxa6 Nxa6 18. Bf4 Nb4 19. Qe2 Qc8 20. Nb5 Qd7 21. Rbd1
Rfc8 22. b3 Qb7 1/2-1/2

[Event "C.to Provinciale BG"]
[Site "Bergamo ITA"]
[Date "2005.10.14"]
[Round "2"]
[White "Mangili, Riccardo"]
[Black "Ranfagni, Stefano"]
[Result "0-1"]
[WhiteElo "1668"]
[BlackElo "1981"]
[PlyCount "64"]
[EventDate "2005.10.07"]

1. e4 e6 2. d4 d5 3. exd5 exd5 4. Nf3 Nf6 5. h3 Bd6 6. Bd3 O-O 7. O-O Re8 8. b3
Nc6 9. c4 Nb4 10. c5 Bf8 11. Bg5 h6 12. Bh4 Nxd3 13. Qxd3 Be7 14. Nc3 c6 15.
Ne5 Ne4 16. Bxe7 Qxe7 17. Rfe1 Qg5 18. Re3 Bf5 19. Nf3 Qf4 20. Qf1 Re7 21. Nxe4
Bxe4 22. Rd1 Rae8 23. b4 Bc2 24. Rxe7 Rxe7 25. Re1 Be4 26. Qe2 Re6 27. Qd2 Qf6
28. Ne5 Qe7 29. Ng4 h5 30. Ne3 Qg5 31. Kh1 Bxg2+ 32. Kh2 Rg6 0-1

[Event "C.to Provinciale BG"]
[Site "Bergamo ITA"]
[Date "2005.10.14"]
[Round "2"]
[White "Marcelloni, Dario"]
[Black "Safira, Anamaria"]
[Result "1-0"]
[WhiteElo "1580"]
[BlackElo "1764"]
[PlyCount "55"]
[EventDate "2005.10.07"]

1. Nf3 c6 2. d4 d5 3. e3 Bf5 4. c4 Nf6 5. Nc3 e6 6. cxd5 exd5 7. Bd3 Bxd3 8.
Qxd3 Nbd7 9. O-O Be7 10. b3 c5 11. dxc5 Nxc5 12. Qb5+ Qd7 13. Qxd7+ Ncxd7 14.
Bb2 O-O 15. Rfd1 Nb6 16. Rac1 Rac8 17. Ne5 Rfe8 18. Nb5 a6 19. Nd4 Rxc1 20.
Rxc1 Rc8 21. Rxc8+ Nxc8 22. Nf5 Bf8 23. Nd3 Nd6 24. Nh6+ gxh6 25. Bxf6 b5 26.
Nf4 Ne4 27. Be5 b4 28. Nxd5 1-0

[Event "C.to Provinciale BG"]
[Site "Bergamo ITA"]
[Date "2005.10.14"]
[Round "2"]
[White "Mazzotti, Federico"]
[Black "Canova, Luca"]
[Result "1/2-1/2"]
[WhiteElo "1723"]
[BlackElo "2103"]
[PlyCount "142"]
[EventDate "2005.10.07"]

1. e4 e5 2. Nf3 Nc6 3. Bb5 a6 4. Ba4 Nf6 5. O-O Be7 6. Re1 b5 7. Bb3 O-O 8. d4
d6 9. c3 Bb7 10. Nbd2 h6 11. Nf1 Re8 12. Ng3 Bf8 13. a4 exd4 14. cxd4 Na5 15.
Ba2 c5 16. d5 g6 17. h4 h5 18. Ng5 Bg7 19. Nh3 Ng4 20. Bg5 Qb6 21. Qe2 Bxd5 22.
Nf4 Be6 23. axb5 axb5 24. Nxe6 Rxe6 25. Qd2 b4 26. Bb3 Ree8 27. Bd5 Ra7 28. Qf4
Be5 29. Qf3 c4 30. Be3 Nxe3 31. Rxe3 Bxg3 32. Qxg3 Kg7 33. Rf3 Re5 34. Qf4 Qd8
35. Bxf7 Qe7 36. Bxc4 Rxe4 37. Qf7+ Qxf7 38. Bxf7 Rxf7 39. Rxf7+ Kxf7 40. Rxa5
Re1+ 41. Kh2 Re2 42. b3 Rxf2 43. Rd5 Rb2 44. Rxd6 Rxb3 45. Rd7+ Ke6 46. Rb7 Rb1
47. Rb6+ Kf7 48. Kg3 b3 49. Rb7+ Ke8 50. Rb6 b2 51. Re6+ Kd7 52. Re2 Kc6 53.
Rf2 Kc5 54. Kf4 Rh1 55. Rxb2 Rxh4+ 56. Kf3 Ra4 57. Re2 Kd5 58. Re8 Rg4 59. Re7
g5 60. Re2 Rf4+ 61. Kg3 Re4 62. Ra2 Rc4 63. Ra5+ Rc5 64. Ra3 Ke4 65. Rf3 Rf5
66. Ra3 h4+ 67. Kg4 Rd5 68. g3 hxg3 69. Rxg3 Ra5 70. Kh5 Kf4 71. Rg4+ Kf3
1/2-1/2

[Event "C.to Provinciale BG"]
[Site "Bergamo ITA"]
[Date "2005.10.14"]
[Round "2"]
[White "Merletti, Vincenzo"]
[Black "Brambilla, Augusto"]
[Result "0-1"]
[WhiteElo "1596"]
[BlackElo "1419"]
[PlyCount "84"]
[EventDate "2005.10.07"]

1. d4 d5 2. c4 e6 3. Nc3 c5 4. Nf3 Nc6 5. e3 Bd6 6. cxd5 exd5 7. Nxd5 cxd4 8.
Nxd4 Qa5+ 9. Nc3 Bb4 10. Bd2 Nf6 11. Nxc6 bxc6 12. a3 Bxc3 13. Bxc3 Qc5 14. Qd4
Qxd4 15. Bxd4 O-O 16. Bxf6 gxf6 17. Bd3 Be6 18. f3 c5 19. Rc1 Rac8 20. Bc4 Rfe8
21. Ke2 Kf8 22. Rhd1 Ke7 23. Bxe6 fxe6 24. Rd3 Rc7 25. b4 c4 26. Rd4 Rec8 27.
Rc3 e5 28. Rd5 Ke6 29. e4 f5 30. g3 fxe4 31. fxe4 h5 32. Ke3 Rd7 33. Rxd7 Kxd7
34. Kf3 Ke6 35. a4 a6 36. b5 axb5 37. axb5 Kd6 38. b6 Kc5 39. b7 Rb8 40. Ke3
Rxb7 41. Rc2 Rb3+ 42. Kd2 Kd4 0-1

[Event "C.to Provinciale BG"]
[Site "Bergamo ITA"]
[Date "2005.10.14"]
[Round "2"]
[White "Minieri, Filippo"]
[Black "Longo, Pietro"]
[Result "1-0"]
[WhiteElo "2155"]
[BlackElo "1757"]
[PlyCount "87"]
[EventDate "2005.10.07"]

1. e4 c5 2. Nc3 d6 3. f4 Nf6 4. Be2 g6 5. d4 cxd4 6. Qxd4 Nc6 7. Qe3 Bg7 8. h3
O-O 9. Bd2 d5 10. exd5 Nxd5 11. Nxd5 Qxd5 12. Bf3 Qe6 13. c3 Na5 14. Qxe6 Bxe6
15. b3 Rfd8 16. Ne2 Nc6 17. Bxc6 bxc6 18. g4 Rd3 19. f5 Bd5 20. Nf4 Rxd2 21.
Kxd2 Bxh1 22. Rxh1 Bh6 23. Ke3 Rd8 24. h4 Bxf4+ 25. Kxf4 Kg7 26. Re1 Rd7 27.
Re4 gxf5 28. Kxf5 e6+ 29. Kf4 h6 30. Rc4 Rd6 31. Ra4 Rd7 32. Ra6 c5 33. Ra5 c4
34. bxc4 Rc7 35. c5 f6 36. Ke4 Kf7 37. Kd4 Ke7 38. c6 e5+ 39. Kd5 e4 40. Ra4 f5
41. gxf5 Kf6 42. Rxe4 Kxf5 43. Re8 Kg4 44. Kd6 1-0

[Event "C.to Provinciale BG"]
[Site "Bergamo ITA"]
[Date "2005.10.14"]
[Round "2"]
[White "Primavera, Enrico"]
[Black "Impellizzeri, Francesco"]
[Result "0-1"]
[WhiteElo "1453"]
[BlackElo "1688"]
[PlyCount "154"]
[EventDate "2005.10.07"]

1. e4 e6 2. Nf3 d5 3. exd5 exd5 4. d4 Bd6 5. Bd3 Ne7 6. b3 c6 7. Ba3 Bxa3 8.
Nxa3 Qa5+ 9. Qd2 Qxa3 10. O-O Qd6 11. Ne5 f6 12. Nf3 Bf5 13. Bxf5 Nxf5 14.
Rae1+ Kf7 15. Qd3 g6 16. c4 Nd7 17. Rc1 Rae8 18. c5 Qf4 19. g3 Qe4 20. Qc3 h5
21. Rce1 Qg4 22. Kg2 Nh6 23. h3 Qf5 24. Nh4 Rxe1 25. Rxe1 Qe4+ 26. Rxe4 dxe4
27. Qc4+ Kg7 28. Qe6 Rd8 29. Qe7+ Nf7 30. Qxe4 f5 31. Qd3 Nf6 32. f3 Ng5 33.
Nxf5+ gxf5 34. Qxf5 Rd5 35. Qd3 Ne6 36. Qe3 Nxd4 37. Qe7+ Kg6 38. Qe3 Nc2 39.
Qc3 Nd4 40. b4 Kf7 41. Qe3 Nc2 42. Qf4 Ne1+ 43. Kf1 Rd1 44. Qc7+ Rd7 45. Qf4
Rd1 46. Ke2 Ng2 47. Qc4+ Nd5 48. Qb3 Nge3 49. a3 Rb1 50. Qxb1 Nc3+ 51. Kxe3
Nxb1 52. a4 Na3 53. a5 Nc2+ 54. Kf4 Nxb4 55. Kg5 Nd3 56. Kxh5 Nxc5 57. g4 Ne6
58. g5 c5 59. Kg4 c4 60. Kf5 c3 61. h4 Ng7+ 62. Kg4 c2 63. h5 Nxh5 64. Kxh5
c1=Q 65. Kg4 Qc4+ 66. f4 Qa4 67. Kf5 Qc2+ 68. Ke5 Kg6 69. Ke6 Qf5+ 70. Kd6
Qxf4+ 71. Kd7 Kxg5 72. Kc8 b5 73. Kb7 a6 74. Kb6 b4 75. Kxa6 b3 76. Ka7 b2 77.
Kb7 b1=Q+ 0-1

[Event "C.to Provinciale BG"]
[Site "Bergamo ITA"]
[Date "2005.10.14"]
[Round "2"]
[White "Riggio, Mauro"]
[Black "Lanni, Vincenzo"]
[Result "1/2-1/2"]
[WhiteElo "1874"]
[BlackElo "1619"]
[PlyCount "85"]
[EventDate "2005.10.07"]

1. e4 g6 2. d4 Bg7 3. c3 d6 4. Bd3 Nf6 5. Ne2 O-O 6. O-O c6 7. Qc2 Nbd7 8. Rd1
Qc7 9. Nd2 e5 10. Nf1 exd4 11. cxd4 Re8 12. f3 Nf8 13. Be3 Nh5 14. Rac1 a6 15.
a4 Bd7 16. b4 Ne6 17. d5 Nd8 18. a5 Qc8 19. Qb3 Kh8 20. dxc6 bxc6 21. Bc4 Qb8
22. Bxf7 Nxf7 23. Qxf7 Be6 24. Qxe8+ Qxe8 25. Rxd6 Rc8 26. Rcd1 Be5 27. Bd4
Bxd4+ 28. Nxd4 Bg8 29. Nc2 Nf4 30. Nfe3 Qe5 31. Ng4 Qc3 32. R1d2 Be6 33. Nge3
Bb3 34. g3 Nd5 35. Re2 Nxe3 36. Nxe3 Qxb4 37. e5 Qxa5 38. f4 Qc5 39. Kf2 Bd5
40. Rc2 Qd4 41. Rxd5 cxd5 42. Rxc8+ Kg7 43. Rc7+ 1/2-1/2

[Event "C.to Provinciale BG"]
[Site "Bergamo ITA"]
[Date "2005.10.14"]
[Round "2"]
[White "Riva, Carlo"]
[Black "Gozzini, Giambattista"]
[Result "0-1"]
[WhiteElo "1574"]
[BlackElo "1727"]
[PlyCount "110"]
[EventDate "2005.10.07"]

1. e4 c6 2. d4 d5 3. exd5 cxd5 4. Bd3 Nc6 5. c3 Nf6 6. h3 e5 7. dxe5 Nxe5 8.
Nf3 Nxd3+ 9. Qxd3 Be7 10. O-O O-O 11. Bg5 Be6 12. Nbd2 h6 13. Bxf6 Bxf6 14. Nd4
Re8 15. Nxe6 Rxe6 16. Nf3 Qb6 17. Qxd5 Re2 18. Qd3 Rxb2 19. Rab1 Rd8 20. Qe4
Bxc3 21. Rxb2 Qxb2 22. Rb1 Qxa2 23. Rxb7 a5 24. Qe7 Bf6 25. Qc7 a4 26. Ra7 a3
27. Qa5 Qb1+ 28. Kh2 Qb8+ 29. g3 Bb2 30. Qa6 Qd6 31. Qc4 Qd5 32. Qc7 Ra8 33.
Rxa8+ Qxa8 34. Nd2 a2 35. Nb3 a1=Q 36. Nxa1 Bxa1 37. Qb6 Qf3 38. Qb8+ Kh7 39.
Qb1+ g6 40. Qxa1 Qxf2+ 41. Kh1 Qxg3 42. Qf6 Qxh3+ 43. Kg1 Qe6 44. Qf3 h5 45.
Qf2 Qg4+ 46. Kh2 f5 47. Qa7+ Kh6 48. Qe3+ f4 49. Qe8 Qh4+ 50. Kg1 Qf6 51. Kf2
g5 52. Kg2 g4 53. Kh2 Qh4+ 54. Kg1 Qg3+ 55. Kf1 Qf3+ 0-1

[Event "C.to Provinciale BG"]
[Site "Bergamo ITA"]
[Date "2005.10.14"]
[Round "2"]
[White "Scarpellini, Felice"]
[Black "Fiorona, Gianpietro"]
[Result "1-0"]
[WhiteElo "1948"]
[BlackElo "1673"]
[PlyCount "93"]
[EventDate "2005.10.07"]

1. c4 e5 2. Nc3 Nc6 3. g3 f5 4. Bg2 Nf6 5. e3 Bb4 6. Nge2 O-O 7. O-O Kh8 8. d4
Bxc3 9. Nxc3 d6 10. b3 Qe8 11. Bb2 Rb8 12. Nb5 Qe7 13. d5 Nd8 14. Nxa7 Bd7 15.
Nb5 Bxb5 16. cxb5 Qe8 17. a4 Qg6 18. Qc2 Ne8 19. f4 e4 20. a5 h5 21. Qf2 Nf6
22. Bxf6 gxf6 23. Rfc1 Rf7 24. Rc4 Ra8 25. a6 b6 26. Rac1 Ra7 27. R1c3 Qh7 28.
Kf1 Rg7 29. Ke2 h4 30. Rc1 h3 31. Bh1 Re7 32. Rg1 Nf7 33. Kd2 Nh6 34. Qe2 Ng4
35. Bxe4 fxe4 36. Qxg4 f5 37. Qe2 Qf7 38. Rd4 Qe8 39. g4 fxg4 40. Rxg4 Ra8 41.
Rg3 Rh7 42. Qc4 Qf7 43. Rxe4 Rg8 44. Qd4+ Rgg7 45. Re6 Kg8 46. a7 Qf8 47. Reg6
1-0

[Event "C.to Provinciale BG"]
[Site "Bergamo ITA"]
[Date "2005.10.14"]
[Round "2"]
[White "Tentori, Giulio"]
[Black "Villa, Claudio"]
[Result "1-0"]
[WhiteElo "1748"]
[BlackElo "1792"]
[PlyCount "49"]
[EventDate "2005.10.07"]

1. e4 e5 2. Nf3 d6 3. d4 Nd7 4. Bc4 c6 5. dxe5 dxe5 6. Ng5 Nh6 7. O-O Be7 8.
Ne6 fxe6 9. Bxh6 Bf6 10. Qh5+ Ke7 11. Be3 Qe8 12. Qg4 Qf7 13. f4 h5 14. Qh3
exf4 15. Bxf4 Bd4+ 16. Kh1 Qg6 17. c3 Be5 18. Nd2 Bxf4 19. Rxf4 Ne5 20. Qh4+
Ke8 21. Raf1 Qh6 22. Qf2 g5 23. Rf7 Nxf7 24. Qxf7+ Kd8 25. Rd1 1-0

[Event "C.to Provinciale BG"]
[Site "Bergamo ITA"]
[Date "2005.10.14"]
[Round "2"]
[White "Testa, Luigi"]
[Black "Mora, Lorenzo"]
[Result "0-1"]
[WhiteElo "1542"]
[BlackElo "1787"]
[PlyCount "67"]
[EventDate "2005.10.07"]

1. e4 e5 2. Nf3 Nc6 3. Bc4 Bc5 4. O-O d6 5. h3 Nf6 6. Nc3 Na5 7. Be2 Bd7 8. a3
Nc6 9. d3 h6 10. b4 Bb6 11. Na4 O-O 12. Nxb6 axb6 13. Bb2 Re8 14. Nh2 d5 15.
Bf3 d4 16. Qd2 Ne7 17. Bc1 Ng6 18. Qe2 c5 19. Bd2 Qc7 20. Rfc1 Ra4 21. Ng4 Nxg4
22. Bxg4 Rea8 23. Bxd7 Qxd7 24. bxc5 bxc5 25. Rf1 Rxa3 26. Rac1 b5 27. f4 exf4
28. Bxf4 Nxf4 29. Rxf4 Qc7 30. Rcf1 Ra1 31. Qh5 Qxf4 32. Qf3 Qxf3 33. gxf3
Rxf1+ 34. Kxf1 0-1

[Event "C.to Provinciale BG"]
[Site "Bergamo ITA"]
[Date "2005.10.14"]
[Round "2"]
[White "Valsecchi, Alessio"]
[Black "Gualdi, Paolo"]
[Result "1-0"]
[WhiteElo "1965"]
[BlackElo "1568"]
[PlyCount "81"]
[EventDate "2005.10.07"]

1. e4 c6 2. d4 d5 3. e5 Bf5 4. h4 h6 5. g4 Bg6 6. h5 Bh7 7. e6 fxe6 8. Bd3 Nf6
9. Bxh7 Nxh7 10. Nf3 Nd7 11. Qd3 Qb6 12. Qg6+ Kd8 13. Qxe6 Nhf6 14. Nc3 c5 15.
Qxb6+ axb6 16. Rg1 e6 17. Bf4 Ra5 18. Be5 cxd4 19. Bxd4 Bb4 20. Ne5 Rf8 21. Ke2
Bxc3 22. bxc3 Nc5 23. f3 Kc7 24. Nd3 Re8 25. Be5+ Kc8 26. g5 hxg5 27. Rxg5 Ncd7
28. Bd4 Rg8 29. Nf4 e5 30. Bxe5 Re8 31. Nd3 Nxe5 32. Nxe5 Nd7 33. f4 Nxe5 34.
fxe5 Re7 35. Kd3 Rc5 36. Rag1 Rc4 37. Rxg7 Rxe5 38. Rh1 Ree4 39. h6 Rh4 40.
Rxh4 Rxh4 41. h7 1-0

[Event "C.to Provinciale BG"]
[Site "Bergamo ITA"]
[Date "2005.10.21"]
[Round "3"]
[White "Bassis, Ivano"]
[Black "Tentori, Giulio"]
[Result "0-1"]
[WhiteElo "1886"]
[BlackElo "1748"]
[PlyCount "54"]
[EventDate "2005.10.07"]

1. e4 e5 2. Nf3 Nc6 3. Bb5 f5 4. d3 d6 5. O-O Nf6 6. Qe2 Be7 7. Nc3 O-O 8. Bc4+
Kh8 9. Ng5 Nd4 10. Qd1 f4 11. Nf7+ Rxf7 12. Bxf7 Qf8 13. Bb3 c6 14. f3 g5 15.
Ne2 Nxb3 16. axb3 g4 17. Kh1 Qg7 18. Ng1 Nh5 19. fxg4 Bxg4 20. Nf3 Qg6 21. Qe1
Rg8 22. Qf2 Bxf3 23. gxf3 Bh4 24. Qe2 Ng3+ 25. hxg3 Bxg3 26. Rf2 Qh5+ 27. Rh2
Bxh2 0-1

[Event "C.to Provinciale BG"]
[Site "Bergamo ITA"]
[Date "2005.10.21"]
[Round "3"]
[White "Bratti, Lorenzo"]
[Black "Merletti, Vincenzo"]
[Result "0-1"]
[WhiteElo "1438"]
[BlackElo "1596"]
[PlyCount "71"]
[EventDate "2005.10.07"]

1. d4 Nf6 2. Nc3 d5 3. Bf4 a6 4. e3 e6 5. Nf3 Nc6 6. a3 Be7 7. Bd3 O-O 8. e4 b6
9. O-O Bb7 10. b4 Na7 11. e5 Nd7 12. Qd2 c5 13. Bg5 cxd4 14. Ne2 Nc6 15. Bxe7
Qxe7 16. Qf4 f6 17. exf6 Nxf6 18. Qh4 e5 19. Bxh7+ Nxh7 20. Qxe7 Nxe7 21. Nxe5
Rf5 22. Nd7 b5 23. Nxd4 Rf4 24. c3 Nc6 25. Nb6 Re8 26. Nxd5 Rf7 27. Nb3 Ne5 28.
Ne3 Nf6 29. Rac1 Nfd7 30. h3 Nb6 31. g4 Nf3+ 32. Kg2 Nd2+ 33. Kg1 Nxf1 34. Rxf1
Rf3 35. Kg2 Rfxe3+ 36. Kg1 0-1

[Event "C.to Provinciale BG"]
[Site "Bergamo ITA"]
[Date "2005.10.21"]
[Round "3"]
[White "Canova, Luca"]
[Black "Stefanelli, Alfredo"]
[Result "1-0"]
[WhiteElo "2103"]
[BlackElo "1787"]
[PlyCount "75"]
[EventDate "2005.10.07"]

1. e4 c5 2. Nc3 Nc6 3. g3 d6 4. Bg2 Nf6 5. d3 e6 6. Nge2 Be7 7. O-O O-O 8. Nf4
a6 9. a4 Qc7 10. b3 Rb8 11. Bb2 b6 12. Nh3 d5 13. exd5 exd5 14. Nf4 d4 15. Ncd5
Nxd5 16. Nxd5 Qd6 17. Bc1 Be6 18. Bf4 Qd7 19. Nxe7+ Nxe7 20. Bxb8 Rxb8 21. Qd2
Nd5 22. Qg5 Nb4 23. Rac1 Na2 24. Rce1 Nb4 25. Re2 h6 26. Qf4 Rf8 27. Rfe1 Bxb3
28. cxb3 Nxd3 29. Qd2 Nxe1 30. Rxe1 Re8 31. Rd1 b5 32. axb5 Qxb5 33. Bd5 Re2
34. Qf4 Qe8 35. Kg2 a5 36. Qf3 Rc2 37. Ra1 Rc3 38. Qf5 1-0

[Event "C.to Provinciale BG"]
[Site "Bergamo ITA"]
[Date "2005.10.21"]
[Round "3"]
[White "Cattaneo, Dario"]
[Black "Elsido, Massimo"]
[Result "0-1"]
[WhiteElo "1574"]
[BlackElo "1757"]
[PlyCount "106"]
[EventDate "2005.10.07"]

1. d4 Nf6 2. Nf3 g6 3. e3 Bg7 4. Be2 O-O 5. O-O d6 6. Bd2 Ne4 7. Nc3 Nxd2 8.
Qxd2 Nd7 9. Rad1 c5 10. b3 cxd4 11. exd4 b6 12. Nb5 Nf6 13. Bd3 Bb7 14. Qe2 a6
15. Nc3 Qc7 16. Ne4 Nd5 17. Qd2 a5 18. c3 f5 19. Neg5 Qxc3 20. Qxc3 Nxc3 21.
Rd2 Bh6 22. Rc2 Bxf3 23. Nxf3 Rac8 24. Bc4+ d5 25. Rxc3 dxc4 26. Rxc4 Rxc4 27.
bxc4 Rc8 28. Ra1 Rxc4 29. g3 Rc1+ 30. Rxc1 Bxc1 31. Kf1 Bb2 32. Ke2 h6 33. Kd3
b5 34. Kc2 Ba3 35. Kb3 Bd6 36. a4 b4 37. Nd2 Kf7 38. Nc4 Bc7 39. Ne3 Ke6 40.
Kc4 f4 41. d5+ Kd7 42. Nc2 fxg3 43. hxg3 h5 44. Nd4 h4 45. Ne2 hxg3 46. fxg3 g5
47. g4 e6 48. dxe6+ Kxe6 49. Nd4+ Ke5 50. Nf5 Kf4 51. Nh6 Be5 52. Nf7 Bf6 53.
Kb5 b3 0-1

[Event "C.to Provinciale BG"]
[Site "Bergamo ITA"]
[Date "2005.10.21"]
[Round "3"]
[White "Di Mauro, Valerio"]
[Black "Fiorona, Gianpietro"]
[Result "1-0"]
[WhiteElo "1526"]
[BlackElo "1673"]
[PlyCount "151"]
[EventDate "2005.10.07"]

1. e4 c5 2. c3 Nc6 3. d4 e6 4. Nf3 Nf6 5. d5 exd5 6. exd5 Qe7+ 7. Be2 Ne5 8.
O-O d6 9. Re1 Bd7 10. Nxe5 dxe5 11. Bf4 O-O-O 12. Bg3 Bf5 13. c4 e4 14. Qc1 Qd7
15. Nc3 a6 16. b3 Bd6 17. Qe3 Qc7 18. Bxd6 Qxd6 19. h3 h5 20. a3 g5 21. b4 Nd7
22. Nxe4 Bxe4 23. Qxe4 Rde8 24. Qc2 g4 25. h4 Qf6 26. g3 Re7 27. d6 Re6 28.
Rad1 Rd8 29. Rd5 Rxd6 30. Rxh5 Ne5 31. Qf5+ Qxf5 32. Rxf5 Re6 33. Kf1 Rde8 34.
Rd1 cxb4 35. axb4 Kc7 36. Rg5 Rb6 37. Bxg4 Rxb4 38. Rd5 Nxc4 39. Rd7+ Kb8 40.
Rxf7 Rb1+ 41. Kg2 Ree1 42. Bf3 Ne5 43. Rf8+ Ka7 44. Rxe5 Rxe5 45. h5 Re6 46. g4
Rb5 47. Kg3 a5 48. Bg2 a4 49. Rd8 Rf6 50. Rd2 a3 51. Bd5 Rb2 52. Rd3 Rbxf2 53.
Rxa3+ Kb6 54. Rb3+ Kc5 55. Bxb7 Rf1 56. Kh4 R6f4 57. Kg5 Rf8 58. Bc8 Kd6 59.
Bf5 Rf2 60. Re3 Rg8+ 61. Bg6 Rh2 62. Kh6 Rb8 63. Rf3 Rb4 64. Kg5 Rb5+ 65. Bf5
Rb8 66. h6 Rh8 67. h7 R8xh7 68. Bxh7 Rxh7 69. Kg6 Rh8 70. Kg7 Rh4 71. g5 Rg4
72. g6 Ke6 73. Kh7 Rh4+ 74. Kg8 Rg4 75. g7 Rg2 76. Kf8 1-0

[Event "C.to Provinciale BG"]
[Site "Bergamo ITA"]
[Date "2005.10.21"]
[Round "3"]
[White "Gozzini, Giambattista"]
[Black "Marcelloni, Dario"]
[Result "1-0"]
[WhiteElo "1727"]
[BlackElo "1580"]
[PlyCount "151"]
[EventDate "2005.10.07"]

1. e4 e6 2. d3 d5 3. Nd2 Nf6 4. Ngf3 Bc5 5. e5 Nfd7 6. d4 Be7 7. Bd3 c5 8. c3
Nc6 9. Qe2 Qb6 10. dxc5 Nxc5 11. O-O Nxd3 12. Qxd3 Bd7 13. Nb3 Na5 14. Nbd4 Nc6
15. Rb1 Nxd4 16. Nxd4 Bc5 17. Re1 Rc8 18. Be3 Qc7 19. Bd2 Bxd4 20. Qxd4 b6 21.
Qg4 g6 22. Qg5 Qd8 23. Qh6 Qe7 24. Bg5 Qf8 25. Qh3 h5 26. Rbd1 Rc4 27. b3 Re4
28. Rxe4 dxe4 29. Rd6 Rh7 30. Bf6 Qh6 31. Qe3 Qxe3 32. fxe3 h4 33. Rd4 h3 34.
g3 Rh5 35. Rxe4 Rf5 36. Rh4 Rh5 37. Kf2 Bc6 38. g4 Rxh4 39. Bxh4 Kd7 40. Kg3
Bg2 41. Kf4 b5 42. e4 a6 43. Ke3 Kc6 44. Be7 Bf1 45. Kf4 Kd7 46. Bd6 Bg2 47.
Ke3 Bf1 48. Kd4 Kc6 49. Bf8 Bg2 50. Ke3 Bf1 51. Kf4 Kd7 52. Kg3 Kc6 53. Kh4 Kd7
54. a3 Bg2 55. Bb4 Bf1 56. c4 bxc4 57. bxc4 Bxc4 58. Kxh3 Bd3 59. Kh4 Bxe4 60.
Kg5 Ke8 61. h4 Bd3 62. h5 gxh5 63. gxh5 Bc2 64. Kf6 Be4 65. Kg7 Bd3 66. h6 Be4
67. h7 Bxh7 68. Kxh7 f5 69. Kg6 f4 70. Kf6 Kd7 71. Be1 f3 72. Bf2 a5 73. a4 Kd8
74. Kxe6 Ke8 75. Be3 Kf8 76. Kd7 1-0